Bezpečnosť a ochrana zdravia pri montáži bleskozvodov na rodinných domoch

Enregistré dans:
Détails bibliographiques
Auteur principal: Balogh, Ladislav (Auteur)
Autres auteurs: Kráľ, Ján (Directeur de thèse)
Format: Manuscrit Livre
Langue:slovaque
Publié: 2016
Sujets:
Accès en ligne:http://is.stuba.sk/zp/portal_zp.pl?podrobnosti=132058
Tags: Ajouter un tag
Pas de tags, Soyez le premier à ajouter un tag!

MARC

LEADER 00000ntm a22000003a 4500
001 stuzp51754
003 SK-STU
005 20160719153945.4
007 ta
008 150427s2015----xo-----f-mn---000-0-slo-d
040 |a STU  |b slo 
041 0 |a slo 
100 1 |a Balogh, Ladislav  |u 065000  |4 aut  |U MTF Materiálovotechnologická fakulta  |T MTF Ústav integrovanej bezpečnosti  |X 46834  |U M5000  |Y 85  |7 46834 
242 0 1 |a Health and safety when installing lightning conductors on family houses  |y eng 
245 1 0 |a Bezpečnosť a ochrana zdravia pri montáži bleskozvodov na rodinných domoch 
260 |c 2016 
650 4 |a práca vo výškach  |2 slo 
650 4 |a bezpečnosť a ochrana zdravia pri práci  |2 slo 
650 4 |a bleskozvody  |2 slo 
650 4 |a osobné ochranné pracovné prostriedky  |2 slo 
650 4 |a lightning  |2 eng 
650 4 |a work at heights  |2 eng 
650 4 |a personal protective equipment  |2 eng 
650 4 |a occupational safety and health  |2 eng 
700 1 |a Kráľ, Ján  |4 ths  |X 46310  |7 A000046310 
856 4 |u http://is.stuba.sk/zp/portal_zp.pl?podrobnosti=132058 
996 |c M* BP-7496  |l MMSKP  |s P  |a 0  |w stuzp51754_0001 
SQL |a stuzp51754  |b DBP  |c SLO  |d Bezpečnosť a ochrana zdravia pri montáži bleskozvodov na rodinných domoch  |e 46834  |f Balogh, Ladislav  |g 065000  |h 46310  |i Kráľ, Ján  |j 20160620  |k 1486  |l 06  |m http://is.stuba.sk/zp/portal_zp.pl?podrobnosti=132058  |n B-IBE  |o 8.3.5. bezpečnosť a ochrana zdravia pri práci